00838cam a22002295a 450000500170000000800410001701000140005802000270007203500130009903700130011204000130012508200130013810000180015124500680016926000500023727000580028730000290034550000410037494200270041599900170044295201490045920091103014612.0090911s2009 ii ab b 100 0 eng d aENG-95333 a9788131307038c595..00 aEN-78866 aDBAD/PUB aDPLbeng a488.0078 aAhmad, Jameel aMedia technology and English language teachingcby Jameel Ahmad aNew Delhi :bAPH Publishing Corporationc2010 a4435-36/7. Ansari road, Darya GanjbNew Delhie110002 a xii, 196p.c22 cm. (Hb) aIncludes bibliographical references  2ddccENmAHMh488.0078 c31391d31391 00102ddc3Hb40718NFICaDBADbDBADd2009-11-05eDBAD / PUBg595.00l0o488.0078-AHMpEN-78866r2009-11-05 00:00:00t1v595.00w2009-11-05yEN